000 00616nam a2200193Ia 4500
005 20250508153251.0
008 008 250505s9999 xx 000 0 eng d
037 _aTextual
040 _aFEDL
_beng
_cFEDL
041 _aeng
_2eng
084 _a070.41, BER
_qFEDL
100 _aBernstein Theodore M
_9695286
245 0 _aWatch that word: A lively, informal guide to better writing, emanating from the news room of the New York times
260 _aLondon, UK
_bHerbert Jenkins
_c1958
300 _axviii,223p.
365 _aINR
_b16.8
942 _cTEXL
_h070.41, BER
999 _c1341625
_d1341625